Alle DFL-Supercup Sieger - Statistiken

Allgemein
  • Dieses Quiz wurde 45 mal gespielt
  • Das Durchschnittsergebnis liegt bei 25 aus 26
Antwortstatistiken
Jahr Sieger % Korrekt
2024 Bayer 04 Leverkusen
100%
1989 BVB Borussia Dortmund
100%
1995 BVB Borussia Dortmund
100%
1996 BVB Borussia Dortmund
100%
2013 BVB Borussia Dortmund
100%
2014 BVB Borussia Dortmund
100%
2019 BVB Borussia Dortmund
100%
1987 FC Bayern München
100%
1990 FC Bayern München
100%
2010 FC Bayern München
100%
2012 FC Bayern München
100%
2016 FC Bayern München
100%
2017 FC Bayern München
100%
2018 FC Bayern München
100%
2020 FC Bayern München
100%
2021 FC Bayern München
100%
2022 FC Bayern München
100%
2025 FC Bayern München
100%
2015 VfL Wolfsburg
100%
2023 RB Leipzig
98%
1988 SV Werder Bremen
95%
1993 SV Werder Bremen
95%
1994 SV Werder Bremen
95%
2011 FC Schalke 04
88%
1992 VfB Stutgart
88%
1991 1. FC Kaiserslautern
81%
Keine übereinstimmenden Quizze gefunden
Verteilung der Resultate
Anzahl Personen mit jedem Resultat
Perzentil nach korrekt beantworteten Fragen
Ihre Resultats-Entwicklung
Sie haben dieses Quiz noch nicht gespielt